| 000 | 01198nam1a2200313 i 4500 | ||
|---|---|---|---|
| 001 | RU\NLR\bibl\15442 | ||
| 005 | 20240919162713.0 | ||
| 035 | _a(NLR Aleph) 000015076 | ||
| 090 |
_a61709 _c61709 |
||
| 100 | _a19990309g19989999k y0rusy50 ca | ||
| 101 | 0 | _arus | |
| 102 | _aRU | ||
| 105 | _a||||j ||||| | ||
| 200 | 1 |
_aДеловой английский _dEnglish for business _zeng _e[В 2 т.] _eУчеб. англ. яз. |
|
| 210 |
_aМ. _cВече _d1998 |
||
| 215 | _d22 | ||
| 463 | 0 | _100115233 | |
| 463 | 0 | _100128881 | |
| 510 | 1 |
_aEnglish for business _zeng |
|
| 606 | 0 |
_aАнглийский язык _jУчебные издания _9972309 _3RU\NLR\auth\6646032 |
|
| 606 | 0 |
_aПредпринимательство _jРуководства, пособия и т.п. для высшей школы _91161265 _3RU\NLR\auth\66147005 |
|
| 606 | 0 |
_aПредпринимательство _jУчебные издания для высшей школы _91161265 _3RU\NLR\auth\66147005 |
|
| 686 | _aШ143.21-93рус | ||
| 686 | _aУ5-13я73 | ||
| 801 | 0 |
_aRU _bNLR _c19990309 _gPSBO |
|
| 801 | 1 |
_aRU _bNLR _c19990309 |
|
| 852 |
_aNLR _j98-5/3091 |
||
| 942 | _cBOOK | ||